Math for nurses : (Record no. 10910)
[ view plain ]
| 000 -LEADER | |
|---|---|
| fixed length control field | 01608pam a2200361 a 4500 |
| 001 - CONTROL NUMBER | |
| control field | 636783 |
| 005 - DATE AND TIME OF LATEST TRANSACTION | |
| control field | 19940328094236.8 |
| 008 - FIXED-LENGTH DATA ELEMENTS--GENERAL INFORMATION | |
| fixed length control field | 931129s1994 paua f 001 0 eng c |
| 010 ## - LIBRARY OF CONGRESS CONTROL NUMBER | |
| LC control number | 93044618 |
| 020 ## - INTERNATIONAL STANDARD BOOK NUMBER | |
| International Standard Book Number | 0397551177 |
| 040 ## - CATALOGING SOURCE | |
| Original cataloging agency | DNLM/DLC |
| Transcribing agency | DLC |
| Modifying agency | DLC |
| 050 00 - LIBRARY OF CONGRESS CALL NUMBER | |
| Classification number | RT68 |
| Item number | .B68 1994 |
| 060 00 - NATIONAL LIBRARY OF MEDICINE CALL NUMBER | |
| Classification number | QV 735 B791m 1994 |
| 082 00 - DEWEY DECIMAL CLASSIFICATION NUMBER | |
| Classification number | 615.14 |
| Edition number | 20 |
| Item number | BOY |
| 100 1# - MAIN ENTRY--PERSONAL NAME | |
| Personal name | Boyer, Mary Jo. |
| 245 10 - TITLE STATEMENT | |
| Title | Math for nurses : |
| Remainder of title | a pocket guide to dosage calculation and drug preparation / |
| Statement of responsibility, etc | Mary Jo Boyer. |
| 250 ## - EDITION STATEMENT | |
| Edition statement | 3rd ed. |
| 260 ## - PUBLICATION, DISTRIBUTION, ETC. (IMPRINT) | |
| Place of publication, distribution, etc | Philadelphia : |
| Name of publisher, distributor, etc | Lippincott, |
| Date of publication, distribution, etc | c1994. |
| 300 ## - PHYSICAL DESCRIPTION | |
| Extent | xvi, 264 p. : |
| Other physical details | ill. ; |
| Dimensions | 19 cm. |
| 500 ## - GENERAL NOTE | |
| General note | Includes index. |
| 650 #0 - SUBJECT ADDED ENTRY--TOPICAL TERM | |
| Topical term or geographic name as entry element | Nursing |
| General subdivision | Mathematics |
| -- | Handbooks, manuals, etc. |
| 650 #0 - SUBJECT ADDED ENTRY--TOPICAL TERM | |
| Topical term or geographic name as entry element | Pharmaceutical arithmetic |
| General subdivision | Handbooks, manuals, etc. |
| 650 #2 - SUBJECT ADDED ENTRY--TOPICAL TERM | |
| Topical term or geographic name as entry element | Dosage Forms |
| General subdivision | nurses' instruction. |
| 650 #2 - SUBJECT ADDED ENTRY--TOPICAL TERM | |
| Topical term or geographic name as entry element | Mathematics |
| General subdivision | nurses' instruction. |
| 650 #2 - SUBJECT ADDED ENTRY--TOPICAL TERM | |
| Topical term or geographic name as entry element | Pharmacology |
| General subdivision | nurses' instruction. |
| 650 #2 - SUBJECT ADDED ENTRY--TOPICAL TERM | |
| Topical term or geographic name as entry element | Dosage Forms |
| General subdivision | handbooks. |
| 650 #2 - SUBJECT ADDED ENTRY--TOPICAL TERM | |
| Topical term or geographic name as entry element | Mathematics |
| General subdivision | handbooks. |
| 650 #2 - SUBJECT ADDED ENTRY--TOPICAL TERM | |
| Topical term or geographic name as entry element | Pharmacology |
| General subdivision | handbooks. |
| 942 ## - ADDED ENTRY ELEMENTS (KOHA) | |
| Source of classification or shelving scheme | Dewey Decimal Classification |
| Item type | Book - Borrowing |
| Withdrawn status | Item status | Source of classification or shelving scheme | Damaged status | Not for loan | Vendor | Home library | Current library | Shelving location | Date acquired | Source of acquisition | Cost, normal purchase price | Serial Enumeration / chronology | Total Checkouts | Total Renewals | Full call number | Barcode | Date last seen | Date last borrowed | Koha item type |
|---|---|---|---|---|---|---|---|---|---|---|---|---|---|---|---|---|---|---|---|
| Dewey Decimal Classification | Academic Bookshop | Central Library | Central Library | First floor | 19/02/2009 | 112.00 | 328 | 4 | 6 | 615.14 BOY | 000014923 | 15/07/2025 | 03/09/2024 | Book - Borrowing | |||||
| Dewey Decimal Classification | Academic Bookshop | Central Library | Central Library | First floor | 19/02/2009 | 112.00 | 328 | 5 | 15 | 615.14 BOY | 000014924 | 15/07/2025 | 12/12/2013 | Book - Borrowing | |||||
| Dewey Decimal Classification | Central Library | Central Library | First floor | 22/02/2009 | 172.00 | 0924 | 9 | 5 | 615.14 BOY | 000014922 | 15/07/2025 | 11/12/2011 | NB - Book (Non borrowing) |